000 00430nam a2200181Ia 4500
001 15456
005 20260306170157.0
008 260306t2013||||xx |||||||||||||| ||und||
041 _aESP
082 _a540
_bP48
100 _aPeterson, W.R.
_eAUT
245 0 _aNomenclatura de las sustancias químicas
260 _c2013
300 _a362 páginas :
_c25 cm.
650 _aGEN
654 _aCCN
942 _cLIB
_dJUS
_fJUS
_2ddc
_n
999 _c15456
_d15456